000 00415nam a22001697a 4500
005 20180531125945.0
008 160519b xxu||||| |||| 00| 0 eng d
020 _a978-0-07-015153-6
041 _aeng
082 _b3331
_a519.5
100 _aSpiegel M.R. & Stephers L.J.
_9831
245 _aStatistics
260 _aNew Delhi
_bTMH,
_c2010
300 _a18.26
650 _aDIPLOMA ENGINEERING
_9817
942 _cBK
999 _c1140
_d1140